<?xml version="1.0" encoding="UTF-8"?>
<record
    xmlns:xsi="http://www.w3.org/2001/XMLSchema-instance"
    xsi:schemaLocation="http://www.loc.gov/MARC21/slim http://www.loc.gov/standards/marcxml/schema/MARC21slim.xsd"
    xmlns="http://www.loc.gov/MARC21/slim">

  <leader>00988nam a22002297a 4500</leader>
  <controlfield tag="005">20250908113316.0</controlfield>
  <controlfield tag="008">130114t        mx ||||| |||| 00| 0 spa d</controlfield>
  <datafield tag="020" ind1=" " ind2=" ">
    <subfield code="a">9707033452</subfield>
  </datafield>
  <datafield tag="050" ind1="0" ind2="4">
    <subfield code="a">F1306 .9 .T57</subfield>
    <subfield code="b">C47 2005</subfield>
  </datafield>
  <datafield tag="050" ind1="0" ind2="4">
    <subfield code="a">F1391.T37</subfield>
    <subfield code="b">C47 2005</subfield>
  </datafield>
  <datafield tag="050" ind1="0" ind2="4">
    <subfield code="a">F1391.T552</subfield>
    <subfield code="b">C47 2005</subfield>
  </datafield>
  <datafield tag="100" ind1="1" ind2=" ">
    <subfield code="a">Cerda Far&#xED;as, Igor.</subfield>
  </datafield>
  <datafield tag="245" ind1="1" ind2="3">
    <subfield code="a">En el Pueblo de Tiripet&#xED;o, en la provincia de Michoac&#xE1;n </subfield>
    <subfield code="b">: la edad dorada... el siglo XVI </subfield>
    <subfield code="c">/ Igor Cerda Far&#xED;as.</subfield>
  </datafield>
  <datafield tag="250" ind1=" " ind2=" ">
    <subfield code="a">2a ed.</subfield>
  </datafield>
  <datafield tag="260" ind1=" " ind2=" ">
    <subfield code="a">Morelia, M&#xE9;xico :</subfield>
    <subfield code="b">Universidad Michoacana de San Nicol&#xE1;s de Hidalgo, Secretar&#xED;a de Difusi&#xF3;n Cultural y Extensi&#xF3;n Universitaria,</subfield>
    <subfield code="c">2005.</subfield>
  </datafield>
  <datafield tag="300" ind1=" " ind2=" ">
    <subfield code="a">100 p. :</subfield>
    <subfield code="b">il. ;</subfield>
    <subfield code="c">21 cm.</subfield>
  </datafield>
  <datafield tag="504" ind1=" " ind2=" ">
    <subfield code="a">Incluye bibliograf&#xED;a.</subfield>
  </datafield>
  <datafield tag="650" ind1=" " ind2="7">
    <subfield code="2">lemb</subfield>
    <subfield code="a">Ind&#xED;genas de M&#xE9;xico</subfield>
    <subfield code="z">Tiripet&#xED;o (Michoac&#xE1;n de Ocampo)</subfield>
  </datafield>
  <datafield tag="650" ind1=" " ind2="7">
    <subfield code="2">lemb</subfield>
    <subfield code="a">Agustinos en M&#xE9;xico</subfield>
    <subfield code="x">Misiones</subfield>
    <subfield code="y">Siglo XVI</subfield>
    <subfield code="z">Tiripet&#xED;o (Michoac&#xE1;n de Ocampo)</subfield>
  </datafield>
  <datafield tag="651" ind1=" " ind2="4">
    <subfield code="a">Tiripet&#xED;o (Michoac&#xE1;n de Ocampo)</subfield>
    <subfield code="x">Historia</subfield>
    <subfield code="y">Siglo XVI</subfield>
    <subfield code="z">M&#xE9;xico</subfield>
  </datafield>
  <datafield tag="942" ind1=" " ind2=" ">
    <subfield code="2">lcc</subfield>
    <subfield code="c">LIB</subfield>
  </datafield>
  <datafield tag="999" ind1=" " ind2=" ">
    <subfield code="c">36185</subfield>
    <subfield code="d">36185</subfield>
  </datafield>
  <datafield tag="952" ind1=" " ind2=" ">
    <subfield code="1">0</subfield>
    <subfield code="2">lcc</subfield>
    <subfield code="4">0</subfield>
    <subfield code="7">0</subfield>
    <subfield code="a">INV-033</subfield>
    <subfield code="b">INV-033</subfield>
    <subfield code="c">FM</subfield>
    <subfield code="d">2013-01-14</subfield>
    <subfield code="f">1a ed.</subfield>
    <subfield code="i">H</subfield>
    <subfield code="k">CSA</subfield>
    <subfield code="o">F1306 .9 .T57 C47 2005</subfield>
    <subfield code="p">IIH000009520</subfield>
    <subfield code="r">2013-01-14 00:00:00</subfield>
    <subfield code="t">C:1</subfield>
    <subfield code="v">1.00</subfield>
    <subfield code="y">LIB</subfield>
  </datafield>
  <datafield tag="952" ind1=" " ind2=" ">
    <subfield code="1">0</subfield>
    <subfield code="2">lcc</subfield>
    <subfield code="4">0</subfield>
    <subfield code="7">0</subfield>
    <subfield code="a">BACH-004</subfield>
    <subfield code="b">BACH-004</subfield>
    <subfield code="c">GENERAL</subfield>
    <subfield code="d">2018-04-17</subfield>
    <subfield code="k">CSA</subfield>
    <subfield code="o">F1391.T37 C47 2005</subfield>
    <subfield code="p">PPO000006996</subfield>
    <subfield code="r">2018-04-17 00:00:00</subfield>
    <subfield code="t">1</subfield>
    <subfield code="y">LIB</subfield>
  </datafield>
  <datafield tag="952" ind1=" " ind2=" ">
    <subfield code="1">0</subfield>
    <subfield code="2">lcc</subfield>
    <subfield code="4">0</subfield>
    <subfield code="7">0</subfield>
    <subfield code="a">BACH-004</subfield>
    <subfield code="b">BACH-004</subfield>
    <subfield code="c">GENERAL</subfield>
    <subfield code="d">2018-04-17</subfield>
    <subfield code="k">CSA</subfield>
    <subfield code="o">F1391.T37 C47 2005</subfield>
    <subfield code="p">PPO000006997</subfield>
    <subfield code="r">2018-04-17 00:00:00</subfield>
    <subfield code="t">2</subfield>
    <subfield code="y">LIB</subfield>
  </datafield>
  <datafield tag="952" ind1=" " ind2=" ">
    <subfield code="1">0</subfield>
    <subfield code="2">lcc</subfield>
    <subfield code="4">0</subfield>
    <subfield code="7">0</subfield>
    <subfield code="a">LIC-018</subfield>
    <subfield code="b">LIC-018</subfield>
    <subfield code="c">GENERAL</subfield>
    <subfield code="d">2025-09-08</subfield>
    <subfield code="e">DON</subfield>
    <subfield code="f">2a ed.</subfield>
    <subfield code="k">CSA</subfield>
    <subfield code="l">0</subfield>
    <subfield code="o">F1391.T552 C47 2005</subfield>
    <subfield code="p">BFA000006153</subfield>
    <subfield code="r">2025-09-08 12:34:52</subfield>
    <subfield code="t">1</subfield>
    <subfield code="v">1.00</subfield>
    <subfield code="y">LIB</subfield>
    <subfield code="z">POSGRADO</subfield>
  </datafield>
  <datafield tag="952" ind1=" " ind2=" ">
    <subfield code="1">0</subfield>
    <subfield code="2">lcc</subfield>
    <subfield code="4">0</subfield>
    <subfield code="7">0</subfield>
    <subfield code="a">LIC-018</subfield>
    <subfield code="b">LIC-018</subfield>
    <subfield code="c">GENERAL</subfield>
    <subfield code="d">2025-09-08</subfield>
    <subfield code="e">DON</subfield>
    <subfield code="f">2a ed.</subfield>
    <subfield code="k">CSA</subfield>
    <subfield code="l">0</subfield>
    <subfield code="o">F1391.T552 C47 2005</subfield>
    <subfield code="p">BFA000006154</subfield>
    <subfield code="r">2025-09-08 12:36:29</subfield>
    <subfield code="t">2</subfield>
    <subfield code="v">1.00</subfield>
    <subfield code="y">LIB</subfield>
    <subfield code="z">POSGRADO</subfield>
  </datafield>
</record>
